[Event "Berlin-ch U16"]
[Site "Berlin"]
[Date "2004.02.01"]
[Round "1"]
[White "Born, Sven"]
[Black "Bubolz, Konstantin"]
[Result "0-1"]
[WhiteElo "787"]
[BlackElo "1722"]
[PlyCount "46"]
[EventDate "2004.04.??"]
[EventType "swiss"]
[EventRounds "7"]
[EventCountry "GER"]
[SourceTitle "EXT 2005"]
[Source "ChessBase"]
[SourceDate "2004.11.15"]
[SourceVersion "1"]
[SourceVersionDate "2004.11.15"]
[SourceQuality "1"]

1. e4 e6 2. Nf3 d5 3. exd5 exd5 4. Qe2+ Be7 5. g3 Nf6 6. Bg2 0-0 7. 0-0 Re8 8. Qd3 c5 9. b3 Nc6 10. Bb2 Nb4 11. Qb5 a6 12. Qa4 Bd7 13. Qa3 Nxc2 14. Nc3 Nxa3 15. Bxa3 Bd6 16. Rae1 Qa5 17. Bb2 d4 18. Nd1 Bb5 19. Rxe8+ Rxe8 20. Re1 Rxe1+ 21. Nxe1 Qxd2 22. Bf3 Qxe1+ 23. Kg2 Qf1# 0-1